|
|
|
|
| LEADER |
01063nam a22002537a 4500 |
| 001 |
19135 |
| 003 |
BD-DhAAL |
| 005 |
20230612120559.0 |
| 008 |
230612t2008 ii ||||| |||| 00| 0 ben d |
| 020 |
|
|
|a 9788177511659
|
| 040 |
|
|
|a BD-DhAAL
|d BD-DhAAL
|
| 082 |
|
|
|a 891.441
|
| 100 |
|
|
|a সেনগুপ্ত, পল্লব
|9 54595
|
| 245 |
|
|
|a ঝড়ের পাখি :
|b কবি ডিরোজিও /
|c পল্লব সেনগুপ্ত
|
| 246 |
|
|
|a Jharher pakhi :
|b kavi derozio
|
| 260 |
|
|
|a কলকাতা :
|b পশ্চিমবঙ্গ বাংলা আকাদেমি (ভারত),
|c ২০০৮.
|
| 300 |
|
|
|a ১৭৩ পৃষ্ঠা :
|c ২২ সে.মি.
|
| 541 |
|
|
|e 19135
|
| 600 |
|
|
|a Derozio, H. L. V.
|d 1809-1831.
|9 54596
|
| 650 |
|
|
|a Bengali poetry.
|
| 650 |
|
|
|a Bengali literature.
|
| 942 |
|
|
|2 ddc
|c BK
|
| 999 |
|
|
|c 45862
|d 45862
|
| 952 |
|
|
|0 0
|1 0
|2 ddc
|4 0
|6 891_441000000000000_SEN
|7 0
|9 73775
|a BIGD
|b BIGD
|c GEN
|d 2023-06-12
|g 315.00
|l 0
|o 891.441 SEN
|p 3050019135
|r 2023-06-12
|t 1
|w 2023-06-12
|y BK
|x Transfer from BDI to BIGD.
|